000 00969cam a2200229 a 4500
001 12919482
005 20250625101841.0
008 020906s2001 tnua b 001 0 eng d
020 _a0785245502
020 _z9781418587536 (epub)
050 0 0 _aBR1644.5.U6
_bS858 2001
082 0 0 _a277.3/082
_221
245 0 4 _aThe century of the Holy Spirit :
_b100 years of Pentecostal and charismatic renewal, 1901-2001 /
_c[edited by] Vinson Synan.
260 _aNashville :
_bThomas Nelson Publishers,
_cc2001.
300 _axi, 492 p. :
_bill. (some col.) ;
_c24 cm.
500 _aIncludes a detachable, color foldout timeline and genealogy tree in back of book.
650 0 _aPentecostalism
_zUnited States
_xHistory
_y20th century.
700 1 _aSynan, Vinson.
856 4 1 _3Table of contents only
_uhttp://www.loc.gov/catdir/toc/fy033/2002512238.html
856 4 2 _3Publisher description
_uhttp://www.loc.gov/catdir/enhancements/fy0614/2002512238-d.html
942 _2lcc
_cBK
_n0
999 _c6668
_d6668